00857cam a22002411 4500001001300000003000400013005001700017008004100034010001700075035001900092040004500111042001200156050001700168082001300185100003200198245006800230260007100298300006000369490007900429500005100508650003000559651002600589gs 40000199 DLC20260227111345.0771013s1939 ctuab 000 0 eng c ags 40000199  a(OCoLC)3338401 aU. S. Geol. survey. LibrarycCtFaUdDLC apremarc00aQC984.C8bK5 a557.46 s1 aKirk, Joseph Milton,d1872-14aThe weather and climate of Connecticut,cby Joseph Milton Kirk. aHartford,bThe state Geological and natural history survey,c1939. a242, xi p.bincl. illus. (maps) tables, diagrs.c23 cm.0 aConnecticut. State geological and natural history survey. Bulletinvno. 61 aState of Connecticut. Public document no. 47. 0aMeteorologyzConnecticut. 0aConnecticutxClimate.